000 00746nam a2200277Ia 4500
005 20260320195743.0
008 008 262003s9999 xx 000 0 hin d
020 _a9788126725472
037 _aEBOOK
040 _aCRL
040 _bhin
040 _cCRL
041 _2hin
041 _ahin
084 _qCRL
100 _aअखिलेश, सं. श्रीप्रकाश शुक्ला
_91133013
245 0 _aकहानियाँ रिश्तों की : दोस्त
250 _a1st
260 _bRajkamal
260 _c2014
300 _a188
856 _uhttps://ebook.indiaread.in/pdfs/dost_by_shriprakash_shukla-9.pdf
942 _cEBOOK
999 _c1716318
_d1716318